|
|
|
|
| LEADER |
01120nta a2200241 i 4500 |
| 001 |
dokt4340 |
| 005 |
20220318083041.0 |
| 008 |
220318s1998 hu om 0|| hun d |
| 040 |
|
|
|a SZTE Doktori Repozitórium
|b hun
|
| 041 |
|
|
|a hun
|
| 100 |
1 |
|
|a Hoffmann Gyula
|
| 245 |
1 |
2 |
|a A Drosophila follikuláris sejtek származási viszonyainak és funkciójának genetikai elemzése nősténysteril mutációkkal
|h [elektronikus dokumentum] /
|c Hoffmann Gyula
|
| 260 |
|
|
|c 1998
|
| 502 |
|
|
|a Disszertacio
|
| 650 |
|
4 |
|a biológiai tudományok
|
| 650 |
|
4 |
|a Természettudományok
|
| 650 |
|
4 |
|a Biológiai tudományok
|
| 695 |
|
|
|a Biológia
|
| 700 |
1 |
|
|a Szabad János
|e ths
|
| 856 |
4 |
0 |
|u https://doktori.bibl.u-szeged.hu/id/eprint/4340/1/1998_hoffmann_gyula.pdf
|z Dokumentum-elérés
|
| 856 |
4 |
0 |
|u https://doktori.bibl.u-szeged.hu/id/eprint/4340/2/1998_hoffmann_gyula_tezis.pdf
|z Dokumentum-elérés
|
| 856 |
4 |
0 |
|u https://doktori.bibl.u-szeged.hu/id/eprint/4340/3/1998_hoffmann_gyula_biralat.pdf
|z Dokumentum-elérés
|
| 856 |
4 |
0 |
|u https://doktori.bibl.u-szeged.hu/id/eprint/4340/4/1998_hoffmann_gyula_publikaciok.pdf
|z Dokumentum-elérés
|